00506nam a22001577a 4500010001300000020001000013035001300023037000900036082000800045100003500053245006400088246004400152260006400196270006800260300002000328 aA-374842 c20.00 aA-374842 bBPPD a840 aابو الليث صدّيقي aآج کا اردو ادب /bابو الایث صدیقی aAaj Ka Urdu Adab /bby Abuwails Siddiqi aعلی گڑھ bا يجو کشنل بک ہاؤسc1986 ء aمسلم ينی ور سٹي مارکیٹ bعلیگڑھe202001 a328صc19cm(Hb)